• AIU
  • Tony Wilmot Memorial Library

Baralḿ and Yewśef. | Baralḿ and Yewśef, being the Ethiopic version of a Christianized recension of the Buddhist legend of the Buddha and the Bodhisattva / (Record no. 37040)

MARC details
000 -LEADER
fixed length control field 01587nam a22002891a 4500
001 - CONTROL NUMBER
control field 4560458
005 - DATE AND TIME OF LATEST TRANSACTION
control field 20140517020003.0
008 - FIXED-LENGTH DATA ELEMENTS--GENERAL INFORMATION
fixed length control field 760114r19761923nyua b 001 0beng
010 ## - LIBRARY OF CONGRESS CONTROL NUMBER
LC control number 73018832
040 ## - CATALOGING SOURCE
Original cataloging agency DLC
Transcribing agency DLC
Modifying agency DLC
041 0# - LANGUAGE CODE
Language code of text/sound track or separate title engeth
050 00 - LIBRARY OF CONGRESS CALL NUMBER
Classification number PJ9098
Item number .B313 1976
082 00 - DEWEY DECIMAL CLASSIFICATION NUMBER
Classification number PJ 9098.B313 1976
-- PJ 9098.B313 1976
Edition number 19
130 0# - MAIN ENTRY--UNIFORM TITLE
Uniform title Baralḿ and Yewśef.
-- Baralḿ and Yewśef, being the Ethiopic version of a Christianized recension of the Buddhist legend of the Buddha and the Bodhisattva /
Language of a work English & Ethiopic.
245 10 - TITLE STATEMENT
Title Baralḿ and Yewśef.
-- Baralḿ and Yewśef, being the Ethiopic version of a Christianized recension of the Buddhist legend of the Buddha and the Bodhisattva /
Statement of responsibility, etc the Ethiopic text edited for the first time with an English translation and introd., etc., by E.A. Wallis Budge.
Medium [Text]
260 ## - PUBLICATION, DISTRIBUTION, ETC. (IMPRINT)
Name of publisher, distributor, etc Cambridge at the University
Date of publication, distribution, etc 1923
300 ## - PHYSICAL DESCRIPTION
Extent 2 v. 351p : ill. ; 23 cm.
500 ## - GENERAL NOTE
General note Reprint of the 1923 ed. published at the University Press, Cambridge, Eng.
504 ## - BIBLIOGRAPHY, ETC. NOTE
Bibliography, etc Includes bibliographical references and index.
505 0# - FORMATTED CONTENTS NOTE
Formatted contents note v. 1. Ethiopic text.--v. 2. The introduction, English translation, etc.: Introduction. The Book of Baralḿ and Yewśef, English translation. The preaching of St. Thomas in India (p. [279]-297) The acts of St. Thomas in India (p. [298]-338)
650 #0 - SUBJECT ADDED ENTRY--TOPICAL TERM
Topical term or geographic name as entry element Ethiopic literature
Form subdivision Translations into English.
730 02 - ADDED ENTRY--UNIFORM TITLE
Language of a work English.
730 0# - ADDED ENTRY--UNIFORM TITLE
Language of a work English & Ethiopic.
906 ## - LOCAL DATA ELEMENT F, LDF (RLIN)
a 7
b cbc
c orignew
d 1
e ocip
f 19
g y-gencatlg
991 ## -
-- c-GenColl
-- PJ9098
-- .B313 1976
-- Copy 1
-- BOOKS
942 00 - ADDED ENTRY ELEMENTS (KOHA)
Koha issues (borrowed), all copies 1
Holdings
Withdrawn status Lost status Source of classification or shelving scheme Damaged status Not for loan Collection code Home library Current library Shelving location Date acquired Source of acquisition Cost, normal purchase price Total Checkouts Full call number Barcode Date last seen Date checked out Copy number Price effective from Koha item type
    Library of Congress Classification     General Circulation AIU/NEGST - Tony Wilmot Memorial Library AIU/NEGST - Tony Wilmot Memorial Library General Stacks 02/23/2010 Donation - Windle Charity Trust 40.00 1 PJ 9098.B313 1976 R22000N3232 09/26/2019 05/16/2014 1 02/23/2010 Books